|
|
|
|
| LEADER |
00000nab a2200000 a 4500 |
| 001 |
vtls000906205 |
| 003 |
SK-MaSNL |
| 005 |
20260302172245.0 |
| 008 |
040720e20010323xo 0 slo |
| 035 |
|
|
|a KE15148
|
| 040 |
|
|
|a KEVKJB
|b slo
|c KEVKJB
|e AACR2
|
| 041 |
0 |
|
|a slo
|
| 044 |
|
|
|a xo
|c SK
|
| 080 |
|
|
|a 373.3
|2 1981
|
| 080 |
|
|
|a 786.2
|2 1981
|
| 100 |
0 |
|
|a guf
|4 aut
|9 877554
|
| 245 |
1 |
0 |
|a Kým sa roztancujú klávesy
|b VII. ročník Medzinárodnej klavírnej súťaže klope na dvere
|
| 610 |
2 |
7 |
|a Základná umelecká škola Márie Hemerkovej (Košice, Slovensko)
|2 KEVKJB
|9 877857
|
| 610 |
2 |
7 |
|a Základná umelecká škola, Hlavná ulica
|2 KEVKJB
|9 877858
|
| 611 |
1 |
7 |
|a Medzinárodná klavírna súťaž Košice
|2 KEVKJB
|9 877859
|
| 650 |
0 |
7 |
|a súťaže klavírne
|2 KEVKJB
|9 877860
|
| 650 |
0 |
7 |
|a roč. 7.
|2 KEVKJB
|9 877424
|
| 650 |
0 |
7 |
|a pozvánky
|2 KEVKJB
|9 353514
|
| 651 |
|
7 |
|a Košice (Slovensko)
|2 KEVKJB
|9 18694
|
| 651 |
|
7 |
|a KE,
|2 KEVKJB
|9 877256
|
| 655 |
|
7 |
|a periodikum
|2 snkbucl
|9 29553
|
| 710 |
2 |
|
|a Základná umelecká škola Márie Hemerkovej (Košice, Slovensko)
|4 aut
|9 877857
|
| 773 |
0 |
8 |
|t Košický večer
|g Roč. 12
|g Roč. 33, č.59, 23.3.2001, s. 5
|
| 852 |
|
|
|a ZVYKNI
|b KIS3GCP
|
| 999 |
|
|
|c 1398310
|d 1400240
|